e-learning courseware on 'mapping with freehand'/ (Record no. 10513)

MARC details
000 -LEADER
fixed length control field 00712 a2200205 4500
010 ## - LIBRARY OF CONGRESS CONTROL NUMBER
LC control number ENG-89354
020 ## - INTERNATIONAL STANDARD BOOK NUMBER
Terms of availability 50.00 (App.)
International Standard Book Number 8184241569
035 ## - SYSTEM CONTROL NUMBER
System control number EN-72887
037 ## - SOURCE OF ACQUISITION
Source of stock number/acquisition DBAD / PUB
082 14 - DEWEY DECIMAL CLASSIFICATION NUMBER
Classification number 526.0285
090 ## - LOCALLY ASSIGNED LC-TYPE CALL NUMBER (OCLC); LOCAL CALL NUMBER (OCLC)
-- 10813
-- 10813
100 1# - MAIN ENTRY--PERSONAL NAME
Personal name Parihar, Seema M.
245 1# - TITLE STATEMENT
Title e-learning courseware on 'mapping with freehand'/
Statement of responsibility, etc by Seema M. Parihar and P.K. Parihar
260 ## - PUBLICATION, DISTRIBUTION, ETC. (IMPRINT)
Place of publication, distribution, etc New Delhi
Name of publisher, distributor, etc Allied Publishers
Date of publication, distribution, etc n.d.
270 ## - ADDRESS
Address A-104, Mayapuri, Phase II,
City New Delhi
Postal code 110064
State or province Delhi
300 ## - PHYSICAL DESCRIPTION
Extent 68 p.
Dimensions 24 cm (pbk)
Other physical details ill.
700 ## - ADDED ENTRY--PERSONAL NAME
Personal name Parihar, P.K.
942 ## - ADDED ENTRY ELEMENTS (KOHA)
Institution code [OBSOLETE] dpl
Koha item type English Books
Call number prefix 526.0285/ PAR
Holdings
Withdrawn status Lost status Source of classification or shelving scheme Damaged status Not for loan Collection code Home library Current library Source of acquisition Cost, normal purchase price Total Checkouts Full call number Barcode Date last seen Copy number Uniform Resource Identifier Cost, replacement price Price effective from Koha item type
    Dewey Decimal Classification   Not For Loan Non-fiction D.B.Act.Division D.B.Act.Division DBAD/PUB 50.00   526.0285 PAR EN-72887 15/09/2008 1 11577 50.00 15/09/2008 English Books

© Delhi Public Library
Hit Counter
free hit counter